banner-ar

تاريخ الموصل / (Record no. 63438)

MARC details
000 -الفاتح
حقل البيانات ثابتة الطول 00790nam a2200241Ia 4500
005 - وقت وتاريخ اخر تعامل مع التسجيلة
رقم الضبط 20240530110641.0
008 - عناصر البيانات ثابتة الطول - معلومات عامة
حقل البيانات ثابتة الطول 140319s9999 xx 000 0 ara d
040 ## - مصدر الفهرسة
وكالة الفهرسة الأصلية GCL /
وكالة النسخ GCL
082 04 - رقم تصنيف ديوى العشرى
رقم الطبعة 21
رقم التصنيف 953.04\
رقم المادة ي ت
100 1# - المدخل الرئيسى - إسم شخصى
الإسم الشخصى محمد توفيق عويضة (اشراف)
245 10 - بيان العنوان
العنوان تاريخ الموصل /
بيان المسئوليه,etc محمد توفيق عويضة (اشراف)
300 ## - الوصف المادى
التعداد 526 ص
650 04 - المدخل الاضافى بالموضوع-مصطلح موضوعى
مصطلح موضوعي التاريخ الاسلامى
650 04 - المدخل الاضافى بالموضوع-مصطلح موضوعى
مصطلح موضوعي الدولة العباسية الثالثة
650 04 - المدخل الاضافى بالموضوع-مصطلح موضوعى
مصطلح موضوعي الموصل
650 04 - المدخل الاضافى بالموضوع-مصطلح موضوعى
مصطلح موضوعي الموصل - تاريخ
650 04 - المدخل الاضافى بالموضوع-مصطلح موضوعى
مصطلح موضوعي العراق - تاريخ
700 1# - المدخل الاضافى - اسم شخصى
الإسم الشخصى يزيد الازدى، ابوزكريا
700 1# - المدخل الاضافى - اسم شخصى
الإسم الشخصى يزيد بن محمد بن اياس
700 1# - المدخل الاضافى - اسم شخصى
الإسم الشخصى على حبيبة (تحقيق)
942 ## - عناصر المدخل الإضافي( كوها)
مصدر التصنيف او مخطط الترفيف Dewey Decimal Classification
Koha [default] item type كتاب
Holdings
حالة التراجع حالة الفقد مصدر التصنيف او خطة الترفيف حالة تلف ليس للاعارة المكان المؤقت الموقع الحالى موقع الترفيف تاريخ الاكتساب اجمالي اﻻعارات رقم الطلب الباركود تاريخ اخر مشاهدة تاريخ تفعيل السعر نوع وعاء كوها
    ddc     مكتبة القاهرة الكبرى مكتبة القاهرة الكبرى القاعة الرئيسية 10/16/2017   953.04\ ي ت 163457 10/16/2017 10/16/2017 كتاب
    ddc     مكتبة القاهرة الكبرى مكتبة القاهرة الكبرى القاعة الرئيسية 10/16/2017   953.04\ ي ت 163458 10/16/2017 10/16/2017 كتاب
    ddc     مكتبة القاهرة الكبرى مكتبة القاهرة الكبرى القاعة الرئيسية 10/16/2017   953.04\ ي ت 163459 10/16/2017 10/16/2017 كتاب
    ddc     مكتبة القاهرة الكبرى مكتبة القاهرة الكبرى القاعة الرئيسية 10/16/2017   953.04\ ي ت 163460 10/16/2017 10/16/2017 كتاب

Powered By

EGPV